000 00770nam a2200229Ia 4500
001 646
003 GE_BSU
008 181216s||||||||xx |||||||||||||| ||und||
020 _a9994004778
040 _cGE_BSU
080 _a392.3(=353.1)
100 _aკაპანაძე, ნათელა
245 _aსაოჯახო ყოფითი ტრადიციები ქართულ ფოლკლორში
245 _cრედ.ამირან არბული
260 _aთბილისი
260 _b”მეცნიერება”
260 _c2006
300 _a74 გვ.
541 _h4 ლ.
653 _aსაოჯახო ტრადიციები საქართველოში
942 _cBK
999 _c34835
_d34835